Geographic information analysis (Record no. 102202)

MARC details
000 -LEADER
fixed length control field 00864cam a2200241 4500
008 - FIXED-LENGTH DATA ELEMENTS--GENERAL INFORMATION
fixed length control field 020719n2003 000 0 eng u
020 ## - INTERNATIONAL STANDARD BOOK NUMBER
International Standard Book Number 0471211761
035 ## - SYSTEM CONTROL NUMBER
System control number (Sirsi) u118937
041 ## - LANGUAGE CODE
Language code of text/sound track or separate title eng.
050 ## - LIBRARY OF CONGRESS CALL NUMBER
Classification number 333.70285
-- 18
100 ## - MAIN ENTRY--PERSONAL NAME
Personal name O'Sullivan, David
245 ## - TITLE STATEMENT
Title Geographic information analysis
260 ## - PUBLICATION, DISTRIBUTION, ETC.
Place of publication, distribution, etc. New Jersey
Name of publisher, distributor, etc. Wiley
Date of publication, distribution, etc. 2003
300 ## - PHYSICAL DESCRIPTION
Extent xi, 436p.
Other physical details ill.
Dimensions 25cm.
350 ## - PRICE (NR) (BK AM CF MU VM SE) [OBSOLETE]
Price 51.95
520 ## - SUMMARY, ETC.
Summary, etc. Presents coverage of the foundations of spatial analysis in a geographic information systems environment. Focusing on the universal aspects of spatial data and their analysis, it covers the scientific assumptions and limitations of methods available in many geographic information systems.
650 ## - SUBJECT ADDED ENTRY--TOPICAL TERM
Topical term or geographic name entry element GIS
650 ## - SUBJECT ADDED ENTRY--TOPICAL TERM
Topical term or geographic name entry element SPATIAL ANALYSIS
650 ## - SUBJECT ADDED ENTRY--TOPICAL TERM
Topical term or geographic name entry element GIS
690 ## - LOCAL SUBJECT ADDED ENTRY--TOPICAL TERM (OCLC, RLIN)
Topical term or geographic name as entry element Geomatics
9 (RLIN) 6242
700 ## - ADDED ENTRY--PERSONAL NAME
Personal name Unwin, David J.
942 ## - ADDED ENTRY ELEMENTS (KOHA)
Suppress in OPAC 0
Holdings
Withdrawn status Lost status Source of classification or shelving scheme Damaged status Not for loan Home library Current library Shelving location Date acquired Cost, normal purchase price Total Checkouts Full call number Barcode Date last seen Date last checked out Copy number Cost, replacement price Price effective from Koha item type
    Dewey Decimal Classification     London London Books 06/01/2003 41.61 4 333.70285 OSU 30068301 06/08/2019 04/11/2003 1 41.61 06/08/2019 Book